Central Library OPAC University of Rajshahi

Gene structure and expression / (Record no. 37028)

MARC details
000 -LEADER
fixed length control field 00842nam a2200277 a 4500
001 - CONTROL NUMBER
control field 37028
003 - CONTROL NUMBER IDENTIFIER
rucl marc code BD-RjUL
005 - DATE AND TIME OF LATEST TRANSACTION
control field 20211209052553.0
008 - FIXED-LENGTH DATA ELEMENTS--GENERAL INFORMATION
fixed length control field 141001s1996 enka b 001 0 eng
020 ## - INTERNATIONAL STANDARD BOOK NUMBER
International Standard Book Number 0521586909 (pbk.)
035 ## - SYSTEM CONTROL NUMBER
System control number (BD-RjUL)37130
040 ## - CATALOGING SOURCE
Original cataloging agency DLC
Transcribing agency DLC
Modifying agency DLC
-- BD-RjUL
Language of cataloging eng
041 ## - LANGUAGE CODE
Language code of text/sound track or separate title eng
082 00 - DEWEY DECIMAL CLASSIFICATION NUMBER
Classification number 574.87322
Edition number 20
Author mark and year HAG 1996
100 1# - MAIN ENTRY--PERSONAL NAME
Personal name Hawkins, John D.
9 (RLIN) 113176
245 10 - TITLE STATEMENT
Title Gene structure and expression /
Statement of responsibility, etc. John D. Hawkins.
250 ## - EDITION STATEMENT
Edition statement 3rd ed.
260 ## - PUBLICATION, DISTRIBUTION, ETC. (IMPRINT)
Place of publication, distribution, etc. Cambridge ;
-- New York :
Name of publisher, distributor, etc. Cambridge University Press,
Date of publication, distribution, etc. 1996.
300 ## - PHYSICAL DESCRIPTION
Pagination Xiv, 212 p.:
Illustrations ill. ;
Size 23 cm.
504 ## - BIBLIOGRAPHY, ETC. NOTE
Bibliography, etc Includes bibliographical references (p. [201]-207) and index.
650 #0 - SUBJECT ADDED ENTRY--TOPICAL TERM
Topical term or geographic name as entry element Gene expression.
9 (RLIN) 21239
Topical term or geographic name as entry element Molecular genetics.
9 (RLIN) 113177
942 ## - ADDED ENTRY ELEMENTS (KOHA)
Source of classification or shelving scheme Dewey Decimal Classification
Koha item type Books
Holdings
Lost status Source of classification or shelving scheme Damaged status Not for loan Collection code Permanent Location Current Location Shelving location Date acquired Source of acquisition Cost, normal purchase price Total Checkouts Full call number Date last seen Copy number Koha item type
  Dewey Decimal Classification   Not For Loan Non-fiction Institute of Biological Sciences (IBSc) Library Institute of Biological Sciences (IBSc) Library   01/10/2014 Karim International 280.00   574.87322 HAG 1996 01/10/2014 C-1 Books
  Dewey Decimal Classification   Not For Loan Non-fiction Institute of Biological Sciences (IBSc) Library Institute of Biological Sciences (IBSc) Library   01/10/2014 Karim International 280.00   574.87322 HAG 1996 01/10/2014 C-2 Books